UK Towns Quiz - Caerphilly - Wales - Statistics

General Stats
  • This quiz has been taken 37 times
  • The average score is 16 of 31
Answer Stats
Clue Population Town % Correct
C 33,118 Caerphilly
100%
B 8,030 Bargod
82%
Y 11,861 Ystrad Mynach
82%
A 4,417 Aberbargoed
76%
B 6,455 Bedwas
71%
B 12,615 Blackwood
71%
P 1,835 Pontlottyn
71%
R 15,197 Risca
71%
M 1,983 Machen
65%
N 4,242 Nelson
65%
R 4,989 Rhymney
65%
A 5,642 Abertridwr
59%
L 3,765 Llanbradach
59%
T 1,714 Trethomas
59%
G 1,435 Gelligaer
53%
N 7,586 Newbridge
53%
O 6,128 Oakdale
53%
P 9,359 Pontllanfraith
53%
F 1,145 Fochriw
47%
N 3,283 New Tredegar
47%
F 3,093 Pengam
47%
A 5,120 Abercarn
41%
D 585 Deri
41%
M 1,446 Markham
41%
A 1,423 Abertysswg
35%
C 1,351 Cwmfelinfach
29%
P 3,728 Pen-pedair-heol
24%
Y 991 Ynysddu
24%
M 2,095 Maesycwmmer
18%
T 1,409 Tir-y-berth
18%
T 1,505 Trinant
18%
No matching quizzes found
Score Distribution
Percent of People with Each Score
Percentile by Number Answered
Your Score History
You have not taken this quiz